Matemáticas : cuarto grado

Gespeichert in:
Bibliographische Detailangaben
1. Verfasser: Ávila Storer, Alicia. (VerfasserIn)
Körperschaften: México. Secretaría de Educación Pública. Subsecretaría de Educación Básica y Normal. Dirección General de Materiales y Métodos Educativos., Comisión Nacional de Libros de Texto Gratuitos. (México)
Format: Buch
Sprache:Spanisch
Erschienen: México : SEP, Comisión Nacional de Libros de Texto Gratutos, 2000.
Ausgabe:2a. ed.
Katalog:MANES:  Suchergebnis im Bibliothekskatalog
Schulbuchspezifische Eigenschaften:
Schriftenreihe:Libro de texto gratuito
Tags: Tag hinzufügen
Keine Tags, Fügen Sie den ersten Tag hinzu!
Hinzugefügt zu:14.05.2000
Geändert in:08.05.2025

MARC

LEADER 00000cam a2200000 a 4500
003 OSt
005 20250508092022.0
008 000515s20001999mx 000 0 spa d
020 |a 9701856961 
040 |a CINV  |c CINV 
050 0 4 |a LTG LB1589  |b M49 4º 2000 
051 0 4 |a LTG LB1589-M49 4º 2000 
110 1 |a México.  |b Secretaría de Educación Pública.  |b Subsecretaría de Educación Básica y Normal.  |b Dirección General de Materiales y Métodos Educativos.  |9 24461 
245 1 0 |a Matemáticas :  |b cuarto grado /  |c Alicia ́Avila Storer...[et al.]. 
250 |a 2a. ed. 
260 |a México :  |b SEP, Comisión Nacional de Libros de Texto Gratutos,  |c 2000. 
300 |a 207 p. :  |b il. col. ;  |c 24 cm. 
500 |a Incluye material recortable.  |a Ciclo escolar 2001-2002. 
440 |a Libro de texto gratuito  |9 21882 
546 |a México 
561 |5 mx-CINVES  |a México. DIE-Cinvestav (Ciudad de México)  |k MANES 
691 0 |a PRI 
700 1 |a Ávila Storer, Alicia.  |e coaut. 
710 2 |a Comisión Nacional de Libros de Texto Gratuitos. (México)  |9 24074 
910 |a E-34477  |b Don.- 2000. 
911 |a E-34477 
942 |2 ddc  |c BK 
999 |c 54544  |d 54544 
999 |c manes:54544  |d 54544